Italia (Registro nro. 15712)

Detalles MARC
000 -ENCABEZADO
Número de control [NR] 00703nam a2200205Ia 4500
005 - FECHA Y HORA DE LA ÚLTIMA TRANSACCIÓN
control field 20211108101743.0
008 - DE LONGITUD FIJA DE DATOS DE ELEMENTOS - INFORMACIÓN GENERAL
Elementos de longitud fija [NR] 130821s1961 xx gr spa
040 ## - FUENTE DE CATALOGACION [NR]
Agencia de catalogación original [NR] Co-BoUCM
Idioma de catalogación [NR] spa
Quien Cataloga Saul Niño (Modificó)
Quien Clasifica [Nuevo]
041 ## - CODIGO DE IDIOMA [R]
Código de idioma para texto/pista de sonido o título separado [R] Español
100 10 - ASIENTO PRINCIPAL--NOMBRE PERSONAL [NR]
Nombre personal [NR] Kubly, Herbert
ID Autoridad 95174
245 10 - MENCION DE TITULO [NR]
Título [NR] Italia
Mención de responsabilidad, etc. [NR] Por Herbert Kubly
260 ## - PUBLICACION, DISTRIBUCION, ETC. (PIE DE IMPRENTA) [R]
Lugar de publicación, distribución, etc. [R] México
Nombre del editor, distribuidor, etc. [R] Offset multicolor
Fecha de publicación, distribución, etc. [R] 1961
300 ## - DESCRIPCION FISICA [R]
Extensión [R] 160 páginas
Otros detalles físicos [NR] ilustraciones, fotografías
490 0# - MENCION DE SERIE [R]
Mención de serie [R] Biblioteca Universal de Life en Español
651 ## - ASIENTO SECUNDARIO DE MATERIA - NOMBRE GEOGRAFICO [R]
Nombre geográfico [NR] Italia
9 (RLIN) 26640
651 ## - ASIENTO SECUNDARIO DE MATERIA - NOMBRE GEOGRAFICO [R]
Nombre geográfico [NR] Italia
Subdivisión general [R] Descripciones y viajes
9 (RLIN) 38851
651 ## - ASIENTO SECUNDARIO DE MATERIA - NOMBRE GEOGRAFICO [R]
Nombre geográfico [NR] Italia
Subdivisión general [R] Vida social y costumbres
9 (RLIN) 51041
942 ## - ELEMENTOS DE ENTRADA AGREGADOS (KOHA)
Tipo de ítem principal el descrito en 300a Libro
Tema principal Historia
Edición 1
Parte restante de la signatura top. K955i
Sistema de clasificación DEWEY
Clasificación 914.5
Existencias
Fecha de último préstamo Total préstamos Total Renewals Signatura topográfica Código de barras Última vez visto Ejemplar Price effective from Tipo de ítem Perdido Sistema de clasificación Dañado No prestable Tipo de ítem específico Suprimido Ubicación habitual Ubicación actual Localización Fecha de creación Forma de adquisición Costo
07/02/2014 1 3 914.5 K955i 100004763 09/12/2025 Ej.1 03/02/2013 Libro   DEWEY     Libro   Claustro Claustro 2do piso 28/02/2003 Donación 180.00